Roman Palestine, 200-400, money and prices /

محفوظ في:

المؤلف الرئيسي: Sperber, Daniel (مؤلف)

التنسيق: كتاب

اللغة: English

منشور في: Ramat-Gan : Bar-Ilan University, 1974.

سلاسل: Bar-Ilan studies in Near Eastern languages and culture.

الموضوعات:

الوسوم: إضافة وسم

لا توجد وسوم, كن أول من يضع وسما على هذه التسجيلة!

رقم الطلب: HG237 .S74

LEADER 00835nam a22002537a 4500
003 OSt
005 20250825095253.0
008 250303s1974 ba af g bs 001 0 eng d
010 |a 75309417 
040 |c ARCE Library 
043 |a awba---  |a awgz--- 
050 1 4 |a HG237   |b .S74 
100 1 |a Sperber, Daniel,   |e author  |9 40363 
245 1 0 |a Roman Palestine, 200-400, money and prices /   |c Daniel Sperber. 
264 1 |a Ramat-Gan :   |b Bar-Ilan University,   |c 1974. 
300 |a 331 pages, [2] leaves of plates :   |b illustrations ;   |c 25 cm. 
490 0 |a Bar-Ilan studies in Near Eastern languages and culture. 
500 |a OCLC 492881008 
504 |a Includes bibliographical references (pages 275-298) and indexs. 
650 0 |a Money  |z Palestine. 
650 0 |a Prices  |z Palestine. 
901 |a reviewed 
942 |c BK  |2 lcc 
999 |c 22068  |d 22068